Statistics for Fictional Characters from New York

Click here to take the quiz!

General Stats

  • This quiz has been taken 16,390 times
    (5,334 since last reset)
  • The average score is 10 of 20

Answer Stats

Hint Character % Correct
Superhero who got bit by a radioactive spiderSpiderman
99%
Nunchuck-wielding ninja turtleMichelangelo
83%
Central Perk waitress who married Ross twiceRachel Green
82%
Grouchy monster of "Sesame Street" who lives in a garbage canOscar the Grouch
69%
1920s bootlegger who had great parties at his Long Island mansionJay Gatsby
64%
Jerry Seinfeld's weird next-door neighborCosmo Kramer
60%
Telepathic X-Men leaderCharles Xavier
58%
Sicilian gangster who became "The Godfather"Vito Corleone
56%
"Lovable" icon of 1950s TV married to Cuban band leaderLucy Ricardo
54%
New York cop who defeated Euro-terrorists in "Die Hard"John McClane
52%
Handsome ad exec of "Mad Men"Don Draper
52%
Male model who started a center for kids who can't read goodDerek Zoolander
51%
Cosmo-sipping sex columnist who buys expensive shoesCarrie Bradshaw
48%
"Catcher in the Rye" narratorHolden Caulfield
42%
Gluttonous green ghost who haunted the Sedgewick Hotel before getting bustedSlimer
39%
African-American couple who moved on up to the East SideGeorge and Louise Jefferson
38%
Delivery boy who was frozen and woke up in the year 3000Philip J. Fry
38%
He's the cop that won't back down when there's trouble all around.
Shut your mouth!
John Shaft
33%
Head writer for "The Girlie Show"Liz Lemon
17%
Little girl of children's books who lives on the tippy-top floor of the Plaza HotelEloise
15%

Score Distribution

Percentile by Number Answered

Percent of People with Each Score

Your Score History

You have not taken this quiz since the last reset